000 00550cam a2200217 4500
008 090401t1986 xxu||||| |||| 00| 0 eng d
020 _a0582411734
035 _a(Sirsi) u16154
041 _aeng
050 _a692.5
100 _aSmith, R.C.
245 _aEstimating and tendering for building work.
260 _aHarlow
_bLongman Scientific & Technical
_c1986
300 _avi,389p. ; 22cm.
350 _a12.5
650 _aESTIMATING
650 _aTENDERING
690 _aQuantity surveying
_96263
942 _n0
948 _c04/03/1997
999 _c87385
_d87385